L'école romantique en France / (Record no. 36118)
[ view plain ]
| 000 -LEADER | |
|---|---|
| campo de control de longitud fija | 00628nam a2200181 i 4500 |
| 001 - NÚMERO DE CONTROL | |
| campo de control | 36118 |
| 003 - IDENTIFICADOR DE NÚMERO DE CONTROL | |
| campo de control | ES-MaACL |
| 005 - FECHA Y HORA DE LA ÚLTIMA TRANSACCIÓN | |
| campo de control | 20230906155315.0 |
| 007 - CAMPO FIJO DE DESCRIPCIÓN FÍSICA--INFORMACIÓN GENERAL | |
| campo de control de longitud fija | t| |
| 008 - DATOS DE LONGITUD FIJA--INFORMACIÓN GENERAL | |
| campo de control de longitud fija | 030217s1902 gw ||||1| fre d |
| 100 1# - ENTRADA PRINCIPAL--NOMBRE DE PERSONA | |
| Nombre de persona | Brandes, Georges. |
| 9 (RLIN) | 31340 |
| 245 12 - MENCIÓN DEL TÍTULO | |
| Título | L'école romantique en France / |
| Mención de responsabilidad, etc. | Georges Brandes ; ouvrage traduit sur la 8eme édition allemande par A. Topin ; précédé d'une introduction par Víctor Basch. |
| 260 ## - PUBLICACIÓN, DISTRIBUCIÓN, ETC. | |
| Lugar de publicación, distribución, etc. | Berlín : |
| Nombre del editor, distribuidor, etc. | [s.n., |
| Fecha de publicación, distribución, etc. | 1902] ( |
| Lugar de fabricación/manufactura | Egeln : |
| Fabricante | Ferdinand Heyl) |
| 300 ## - DESCRIPCIÓN FÍSICA | |
| Extensión | XXIV, 394 p. ; |
| Dimensiones | 22 cm. |
| 700 1# - ENTRADA AGREGADA--NOMBRE PERSONAL | |
| Nombre de persona | Topin, A. |
| 9 (RLIN) | 110600 |
| 700 1# - ENTRADA AGREGADA--NOMBRE PERSONAL | |
| Nombre de persona | Basch, Victor. |
| 9 (RLIN) | 26260 |
| 852 ## - LOCALIZACIÓN | |
| Ubicación | ES-MaACL |
| Número de control de estantería | A-4174 |
| Estatus retirado | Estado de pérdida | Estado de daño | No para préstamo | Biblioteca de origen | Biblioteca actual | Ubicación en estantería | Fecha de adquisición | Fuente de adquisición | Total de préstamos | Signatura topográfica completa | Código de barras | Visto por última vez | Precio de reemplazo | Tipo de ítem Koha |
|---|---|---|---|---|---|---|---|---|---|---|---|---|---|---|
| Biblioteca del Ateneo de Madrid | Biblioteca del Ateneo de Madrid | Sala Pecera Planta 1 | 17/01/2008 | A-4174 | 1037906 | 23/02/2023 | 23/02/2023 | Libro impreso |
